| 000 | 00730cas a2200109 4500 | ||
|---|---|---|---|
| 008 | 100524n eng u | ||
| 035 | _a(Sirsi) a169314 | ||
| 050 | _aSF601.A3 | ||
| 245 | _aADVANCES IN VETERINARY SCIENCE AND COMPUTER MEDICINE | ||
| 260 |
_aBLACKWELL: _b Oxford |
||
| 362 | _aVol.1,1953. Vol.2,1955. Vol.3,1957. Vol.4,1958. Vol.5,1959. Vol.6,1960. Vol.7,1962. Vol.8,1963. Vol.9,1964. Vol.10,1965. Vol.11,1967. Vol.12,1968. Vol.13,1969. Vol.14,1970. Vol.15,1971. Vol.16,1972. Vol.17,1973. Vol.18,1974. Vol.19,1975. Vol.20,1976. Vol.21,1977. Vol.22,1978. Vol.23,1979. Vol.24,1980. Vol.25,1981. Vol.26,1982. Vol.27,1983. Vol.28,1984. Vol.29,1985. Vol.30,1986. Vol.31,1987. Vol.32,1988. Vol.33,1989. Vol.34,1990. Vol.35,1991. | ||
| 999 |
_c2346 _d2346 |
||